| 000 | 01005nam a2200301 a 4500 | ||
|---|---|---|---|
| 001 | 000020258 | ||
| 003 | DO-SdBNP | ||
| 005 | 20160407100730.0 | ||
| 008 | 100802s2004 dr ac 000 0 spa d | ||
| 020 | _a8482616327 | ||
| 040 |
_aBPJMB _bspa _cBPJMB |
||
| 092 |
_a372.7 _bG943d |
||
| 245 | 0 | 0 |
_aMatemáticas 7 : _bguía didáctica / _cdirección editorial Obdulia García de Escobar. |
| 260 |
_aSanto Domingo : _bSantillana, _c2004. |
||
| 300 |
_a135 p. : _bil., retrs. ; _c28 cm. |
||
| 490 | 1 |
_aÁmbar _vv. 7 |
|
| 500 | _aEducación básica | ||
| 650 | 4 |
_aMATEMÁTICAS _xENSEÑANZA BÁSICA |
|
| 650 | 4 |
_aMATEMÁTICAS _xENSEÑANZA ELEMENTAL |
|
| 650 | 4 |
_aMATEMÁTICAS _xLIBROS DE TEXTOS |
|
| 650 | 4 |
_aMATEMÁTICAS _xESTUDIO Y EJERCÍCIOS |
|
| 650 | 4 |
_aEDUCACIÓN PRIMARIA _zREPÚBLICA DOMINICANA |
|
| 700 | 1 |
_aGarcía Escobar, Obdulia de, _edir. ed. |
|
| 830 | 0 |
_aÁmbar _nno. 7 |
|
| 942 |
_2ddc _cBK |
||
| 956 |
_aBTAVAREZ _b10 _c20100802 _lBND02 _h1216 |
||
| 956 |
_aARIVERA _b10 _c20100802 _lBND02 _h1349 |
||
| 999 |
_c7959 _d7959 |
||